L´accumulation du capital : (Record no. 35824)
[ view plain ]
| 000 -CABECERA | |
|---|---|
| campo de control de longitud fija | 00844nam a2200217 a 4500 |
| 001 - NÚMERO DE CONTROL | |
| campo de control | 000036333 |
| 005 - FECHA Y HORA DE LA ÚLTIMA TRANSACCIÓN | |
| campo de control | 20260401104210.0 |
| 008 - DATOS DE LONGITUD FIJA--INFORMACIÓN GENERAL | |
| campo de control de longitud fija | 120113s1969 fr 000 0 fre d |
| 040 ## - FUENTE DE LA CATALOGACIÓN | |
| Centro catalogador/agencia de origen | DO-SdBNP |
| Lengua de catalogación | spa |
| Centro/agencia transcriptor | BNPHU |
| 100 1# - ENTRADA PRINCIPAL--NOMBRE DE PERSONA | |
| Nombre de persona | Luxemburg, Rosa, |
| Fechas asociadas al nombre | 1871-1919 |
| 9 (RLIN) | 3796 |
| 245 12 - MENCIÓN DE TÍTULO | |
| Título | L´accumulation du capital : |
| Resto del título | contribution á l'explication économique de l'impérialisme / |
| Mención de responsabilidad, etc. | Rosa Luxemburg ; présentation d'Irene Petit ; traduction de Marcel Ollivier et Irene Petit. |
| 260 ## - PUBLICACIÓN, DISTRIBUCIÓN, ETC. | |
| Lugar de publicación, distribución, etc. | Paris, Francia : |
| Nombre del editor, distribuidor, etc. | Francois Maspero, |
| Fecha de publicación, distribución, etc. | 1969. |
| 300 ## - DESCRIPCIÓN FÍSICA | |
| Extensión | 2 v.- ; |
| Dimensiones | 21 cm. |
| 490 0# - MENCIÓN DE SERIE | |
| Mención de serie | Petite colection Maspero ; |
| Designación de volumen o secuencia | 47-48 |
| 500 ## - NOTA GENERAL | |
| Nota general | Oeuvres de Rosa Luxemburg III y IV |
| 650 20 - PUNTO DE ACCESO ADICIONAL DE MATERIA--TÉRMINO DE MATERIA | |
| Término de materia o nombre geográfico como elemento de entrada | Imperialismo |
| 9 (RLIN) | 1499 |
| 650 20 - PUNTO DE ACCESO ADICIONAL DE MATERIA--TÉRMINO DE MATERIA | |
| Término de materia o nombre geográfico como elemento de entrada | Socialismo |
| 9 (RLIN) | 287 |
| 650 20 - PUNTO DE ACCESO ADICIONAL DE MATERIA--TÉRMINO DE MATERIA | |
| Término de materia o nombre geográfico como elemento de entrada | Ahorro e inversión |
| 9 (RLIN) | 37131 |
| 700 1# - PUNTO DE ACCESO ADICIONAL--NOMBRE DE PERSONA | |
| Nombre de persona | Petit, Irene, |
| Término indicativo de función/relación | trad. |
| 9 (RLIN) | 62498 |
| 700 1# - PUNTO DE ACCESO ADICIONAL--NOMBRE DE PERSONA | |
| Nombre de persona | Ollivier, Marcel, |
| Término indicativo de función/relación | trad. |
| 9 (RLIN) | 62499 |
| Estado de retiro | Estado de pérdida | Restricciones de uso | No para préstamo | Código de colección | Localización permanente | Ubicación/localización actual | Ubicación en estantería | Fecha de adquisición | Número de inventario | Total de préstamos | Signatura topográfica completa | Código de barras | Fecha visto por última vez | Precio válido a partir de | Tipo de ítem Koha |
|---|---|---|---|---|---|---|---|---|---|---|---|---|---|---|---|
| Excluido de préstamo | Monografías: Libros y Folletos | General | General | En catalogación | 13.01.2012 | LF1 | v.1 | 36334-10 | 25.06.2020 | 25.06.2020 | No se presta | ||||
| Excluido de préstamo | Monografías: Libros y Folletos | General | General | En catalogación | 23.01.2012 | LF1 | v.2 | 36334-20 | 25.06.2020 | 25.06.2020 | No se presta |
